| 000 | 01066nam1a22002771 4500 | ||
|---|---|---|---|
| 001 | rc\594759 | ||
| 005 | 20211209154122.0 | ||
| 035 | _a(NLR Aleph) 005949348 | ||
| 090 |
_a6750441 _c6750441 |
||
| 100 | _a20031121d1986 u |0rusy50 ca | ||
| 101 | 0 | _arus | |
| 102 | _aRU | ||
| 105 | _ay ||||||||| | ||
| 200 | 1 |
_aАрабские рукописи Института востоковедения _eКрат. кат. _e[В 2 ч.] _fАН СССР... _g[Составители С.М. Бациева и др.] _gПод ред. [и с предисл., с. 5-33] А.Б. Халидова |
|
| 210 |
_aМ. _cНаука _d1986 |
||
| 215 | _d27 | ||
| 702 | 1 |
_aБациева _bС. М. _gСветлана Михайловна _4220 |
|
| 702 | 1 |
_aХалидов _bА. Б. _gАнас Бакиевич _4340 |
|
| 712 | 0 | 2 |
_aМосковский ин-т востоковедения _3RU\NLR\AUTH\8810000917 |
| 801 | 0 |
_aRU _bNLR _gpsbo |
|
| 801 | 1 |
_aRU _bELAR _2rusmarc |
|
| 852 | 1 |
_aNLR _bОЛСАА-араб _j4-1022 |
|
| 942 | _cBOOK | ||
| 980 | 1 | _aARAB | |
| 980 | _aNB | ||